Trabajo revista de la OIT

Bibliographic Details
Previous Title:Informacin̤ OIT,
Corporate Author: Oficina de Informacin̤ y Prensa de la OIT (ed)
Format: Unknown
Language:Spanish
Published: Ginebra : Oficina de Informacin̤ y Prensa de la OIT
Subjects:
Online Access:Acceso restringido

MARC

LEADER 00000ny a22000003n 4500
005 20110509132753.0
008 970519m19929999sz b s o000 0 spa c
022 |a 1020-0037 
035 |a 50 
040 |a UMA.RE  |d UMA.CEE  |d vlex 
080 |a 331(051) 
090 |c 1459  |d 1459 
245 3 0 |a Trabajo  |h [Recurso electrn̤ico]  |b revista de la OIT 
256 |a Servicio en ln̕ea 
260 |a Ginebra :  |b Oficina de Informacin̤ y Prensa de la OIT 
310 |a Bimestral 
500 |a Tit. tomado de la cub 
506 1 |a Contenido solo disponible en los productos indicados  |d vLex Global  |d vLex Global (Academic Edition, excluding Law Schools)  |d vLex Global (U.S. Academic Edition, Law Schools)  |d vLex Global (U.S. Academic Edition, excluding Law Schools)  |d vLex Global (Academic Edition, Law Schools) 
650 0 7 |a Laboral  |2 Tesauro vLex 
650 0 7 |2 Tesauro vLex  |a Contrato de trabajo 
650 0 7 |2 Tesauro vLex  |a Organizacin̤ internacional del trabajo -OIT- 
710 2 |a Oficina de Informacin̤ y Prensa de la OIT,  |e ed 
740 0 |a vLex Revista (Servicios en ln̕ea) 
780 0 0 |t Informacin̤ OIT,  |x ISSN 0379-1742 
853 |8 1  |i (year)  |j (month)  |k (day) 
856 4 0 |u http://vlex.com/source/revista-trabajo-50  |z Acceso restringido 
942 |c REV